Open Data Biblioteca Nacional de Portugal


República Portuguesa: Ministério da Cultura
Biblioteca Nacional de Portugal

Catálogo da BNP: acesso por Identificadores Unívocos
Registos Bibliográficos associados ao registo de autoridade

Etiqueta de registo: 00230nam 2200025 450
001 1781774
003 http://id.bnportugal.gov.pt/bib/catbnp/1781774
100 ## $a20110602d2010 k y0pory0103 ba
101 0# $apor$deng
102 ## $aPT
105 ## $aa m 001yy
106 ## $ar
200 1# $a A conservação e restauro da pintura mural nas fachadas alentejanas$eestudo científico dos materiais e tecnologias antidgas da cor$fMilene Gil Duarte Casal$gorient. Ana isabel M. Seruya, José Aguiar, Isabel Ribeiro
210 #9 $aLisboa$c[s.n.],$d2010
215 ## $aXXXI, 413 p.$cil.$d31 cm
215 ## $a1 disco óptico (CD-ROM) em caixa$cil.$d13 x 14 x 1 cm
305 ## $aEd. impressa e em CD-ROM
320 ## $aContém bibliografia
328 #1 $aTese dout. Conservação e Restauro, Univ. Nova de Lisboa, 2010
675 ## $a698.12(469)(043)$vBN$zpor$31480955
675 ## $a691.57(469)(043)$vBN$zpor$31480956
675 ## $a728.025(469)(043)$vBN$zpor$31447800
700 #1 $aCasal,$bMilene Gil Duarte$31462091
702 #1 $aSeruya,$bAna Isabel,$f1951-$4727$3846192
702 #1 $92$aAguiar,$bJosé,$f1961-$4727$3286780
702 #1 $aRibeiro,$bIsabel$4727$31412881
801 #0 $aPT$bBN$gRPC
856 40 $2Cópia digital disponível no Repositório Universidade Nova de Lisboa$uhttp://hdl.handle.net/10362/50252
966 ## $lBN$mDEM$sS.A. 51389 P.$x1
966 ## $lBN$mFGMON$sS.A. 8747 A.$x1

Etiqueta de registo: 00254nam 2200025 450
001 2285290
003 http://id.bnportugal.gov.pt/bib/catbnp/2285290
010 ## $z978-972-778
021 ## $aPT$b543987/25
100 ## $a20260426d2025 m y0pory01030103ba
101 0# $apor$aeng
102 ## $aPT
105 ## $aa z 000yy
106 ## $ar
200 1# $aO desvendar da arte da pintura mural de Almada Negreiros (1938-1956)$eimagens de um projeto transdisciplinar$forg. Milene Gil$ged. e apresentação Milene Gil, António Candeias$gtextos Milene Gil, Simão Palmeirim$gpref. Rita Almada Negreiros, Catarina Almada Negreiros$gintrod. Marina Pinto dos Santos$gfot. António Coelho... [et al.]
205 ## $a1ª ed
210 #9 $aÉvora$cUniversidade de Évora - Laboratório Hércules,$d2025
215 ## $a191 p.$ccil.$d29 cm
305 ## $aEd. bilingue em português e inglês
702 #1 $aCasal,$bMilene Gil Duarte$4340$31462091
702 #1 $aCandeias,$bAntónio,$f1967-$4450$3268928
702 #1 $aCosta,$bSimão Palmeirim$4070$31535182
702 #1 $aNegreiros,$bRita Almada$4080$385904
702 #1 $aNegreiros,$bCatarina Almada$4080$31996988
702 #1 $aSantos,$bMariana Pinto dos,$f1975-$4080$31038091
702 #1 $96$aCoelho,$bAntónio$4600$31363772
801 #0 $aPT$bBN$gRPC
966 ## $lBN$mFGMON$x1
966 ## $lBN$mFGMON$x1
971 ## $ciquintas$d20260427

OpendataBNP@bnportugal.pt | Mais informação sobre acesso aos dados BNP